Statistics for Daily U.S. State Riddle #44

Click here to take the quiz!

General Stats

  • This quiz has been taken 55 times
  • The average score is 35 of 36

Answer Stats

TypeAnswer% Correct
Alphabet LetterA
100%
Found LetterC
100%
Alphabet LetterD
100%
Found LetterE
100%
Alphabet LetterF
100%
Alphabet LetterH
100%
Found LetterI
100%
Alphabet LetterL
100%
Found LetterM
100%
Found LetterN
100%
Found LetterO
100%
Alphabet LetterR
100%
Alphabet LetterT
100%
Found LetterW
100%
Alphabet LetterG
98%
Alphabet LetterS
98%
Alphabet LetterB
96%
Alphabet LetterK
96%
Alphabet LetterU
96%
Alphabet LetterV
96%
Alphabet LetterY
96%
Alphabet LetterP
94%
Found LetterX
94%
Correctly Placed LetterC
92%
Correctly Placed Letter
E
92%
Correctly Placed LetterE
92%
Correctly Placed LetterI
92%
Alphabet LetterJ
92%
Correctly Placed LetterM
92%
Correctly Placed LetterN
92%
Mystery U.S. StateNew Mexico
92%
Correctly Placed LetterO
92%
Alphabet LetterQ
92%
Correctly Placed LetterW
92%
Correctly Placed LetterX
92%
Alphabet LetterZ
92%

Score Distribution

Percentile by Number Answered

Percent of People with Each Score

Your Score History

You have not taken this quiz